Elements Of Workshop Technology Vol.I (Record no. 354266)

MARC details
000 -LEADER
fixed length control field 00482nam a2200169Ia 4500
008 - FIXED-LENGTH DATA ELEMENTS--GENERAL INFORMATION
fixed length control field 230719s9999 xx 000 0 und d
020 ## - INTERNATIONAL STANDARD BOOK NUMBER
International Standard Book Number 81-85099-14-6
041 ## - LANGUAGE CODE
Language code of text/sound track or separate title eng
082 ## - DEWEY DECIMAL CLASSIFICATION NUMBER
Classification number 621.7
Item number CHO
100 ## - MAIN ENTRY--PERSONAL NAME
Personal name Choudhury S.K.H.
245 ## - TITLE STATEMENT
Title Elements Of Workshop Technology Vol.I
Remainder of title Manufacturing Processes
250 ## - EDITION STATEMENT
Edition statement 11th ed.
260 ## - PUBLICATION, DISTRIBUTION, ETC. (IMPRINT)
Date of publication, distribution, etc. 2017
Name of publisher, distributor, etc. Media Promoters & Publishers
300 ## - PHYSICAL DESCRIPTION
Extent 648
365 ## - TRADE PRICE
Currency code Rs.
Price amount 80.00
700 ## - ADDED ENTRY--PERSONAL NAME
Personal name Choudhury S.K.H.; Choudhury A.K.H. & Roy N.
Holdings
Withdrawn status Lost status Damaged status Not for loan Home library Current library Shelving location Date acquired Vendor Cost, normal purchase price Full call number Barcode Date last seen Cost, replacement price Bill Date Koha item type Original Barcode
        Cummins College of Engineering for Women Pune Cummins College of Engineering for Women Pune Donated Book 01/10/2015 Masurkar Enterprises 80.00 621.7 CCEP-DB-471 19/07/2023 80.00 19/07/2023 Books D00471